| 000 | 00478cam a2200181ua 4500 | ||
|---|---|---|---|
| 001 | 6526 | ||
| 008 | 140510n ii |||gr||||Z||||||eng | ||
| 040 | _cMAIN | ||
| 082 | _a336.2713 | ||
| 245 |
_aAssam General Sales Tax Act & Rules _cBy B.P. Todi |
||
| 250 | _a5th ed. | ||
| 260 |
_aGuwahati: _bAshok publishing house, _c2003. |
||
| 300 | _aiv,383p. | ||
| 653 | _aPublic finance | ||
| 653 | _aAssam General Sales Tax Act & Rules | ||
| 700 |
_aTodi,B.P., _eAuthor. |
||
| 942 | _cBK | ||
| 999 |
_c5675 _d5675 |
||